000 00372nam a22001337a 4500
020 _a9780201581973
040 _cNust
082 _a620.104
_bBED'E
100 _aAnthony Bedford
_913383
245 _aEngineering Mechanics Dynamics
260 _aNew York:
_bAddison -Wesley publishing Company,
_c1995.
650 _aEngineering Mechanics Dynamics
_93079
942 _2ddc
_cBK
999 _c611927
_d611927